00802nam a2200193 a 450000100100000000500170001000800410002704000250006808200140009311000400010724500520014726000690019930000200026849000570028883000660034504900090041195201710042099900170059100003330020250131205119.0110712q1940 dr 000 0 spa d aDO-SdBNPbspacBNPHU axxxbU58c2 aUniversidad de Santo Domingo93776710aCalendario para el año académico 1940-1941. aCiudad Trujillo, República Dominicana :bImp. Montalvo,c1940. a10 p. ;c24 cm.1 aPublicaciones de la Universidad de Santo Domingov10 0aPublicaciones de la Universidad de Santo Domingo ;n10958903 aBNPD 001050718RVaPDbPDcCTd2011-08-23iLF1l0oxxx U58cp33300-10r2020-06-25w2020-06-25y1zPerteneció a la biblioteca personal de Martínez Boog.ZNo se presta c32791d32791